<?xml version="1.0" encoding="UTF-8"?>
<record
    xmlns:xsi="http://www.w3.org/2001/XMLSchema-instance"
    xsi:schemaLocation="http://www.loc.gov/MARC21/slim http://www.loc.gov/standards/marcxml/schema/MARC21slim.xsd"
    xmlns="http://www.loc.gov/MARC21/slim">

  <leader>00741nam0a2200217   4500</leader>
  <controlfield tag="001">RU\NLR\BIBL_A\012164665</controlfield>
  <controlfield tag="005">20250623220335.0</controlfield>
  <datafield tag="010" ind1=" " ind2=" ">
    <subfield code="9">500</subfield>
  </datafield>
  <datafield tag="035" ind1=" " ind2=" ">
    <subfield code="a">(NLR Aleph) 012164665</subfield>
  </datafield>
  <datafield tag="090" ind1=" " ind2=" ">
    <subfield code="a">13299072</subfield>
    <subfield code="c">13299072</subfield>
  </datafield>
  <datafield tag="100" ind1=" " ind2=" ">
    <subfield code="a">20191216d1986    |||y0rusy50      ca</subfield>
  </datafield>
  <datafield tag="101" ind1="0" ind2=" ">
    <subfield code="a">aze</subfield>
  </datafield>
  <datafield tag="102" ind1=" " ind2=" ">
    <subfield code="a">AZ</subfield>
  </datafield>
  <datafield tag="105" ind1=" " ind2=" ">
    <subfield code="a">y   z   000 y</subfield>
  </datafield>
  <datafield tag="200" ind1="1" ind2=" ">
    <subfield code="a">&#x41E;&#x440;&#x442;&#x430; &#x438;&#x445;&#x442;&#x438;&#x441;&#x430;&#x441; &#x442;&#x4D9;&#x4BB;&#x441;&#x438;&#x43B;&#x438; &#x43C;&#x4D9;&#x43A;&#x442;&#x4D9;&#x431;&#x43B;&#x4D9;&#x440;&#x438;&#x43D;&#x434;&#x4D9; &#x445;&#x4D9;&#x442;&#x442;&#x438; &#x442;&#x4D9;&#x43D;&#x43B;&#x438;&#x43A;&#x43B;&#x4D9;&#x440; &#x441;&#x438;&#x441;&#x442;&#x435;&#x43C;&#x438;&#x43D;&#x438;&#x43D; &#x442;&#x4D9;&#x434;&#x440;&#x438;&#x441;&#x438;&#x43D;&#x4D9; &#x434;&#x430;&#x438;&#x440; &#x43C;&#x435;&#x442;&#x43E;&#x434;&#x438;&#x43A; &#x49D;&#x4E9;&#x441;&#x442;&#x4D9;&#x440;&#x438;&#x448;&#x43B;&#x4D9;&#x440;</subfield>
    <subfield code="f">&#x441;&#x43E;&#x441;&#x442;.: &#x41A;. &#x421;. &#x4D8;&#x441;&#x43A;&#x4D9;&#x440;&#x43E;&#x432;, &#x421;. &#x410;. &#x410;&#x448;&#x443;&#x440;&#x43E;&#x432;&#x430;</subfield>
  </datafield>
  <datafield tag="210" ind1=" " ind2=" ">
    <subfield code="a">&#x411;&#x430;&#x43A;&#x44B;</subfield>
    <subfield code="c">&#x411;/&#x438;</subfield>
    <subfield code="d">1986</subfield>
  </datafield>
  <datafield tag="215" ind1=" " ind2=" ">
    <subfield code="a">44 &#x441;.</subfield>
    <subfield code="d">20</subfield>
  </datafield>
  <datafield tag="852" ind1=" " ind2=" ">
    <subfield code="a">NLR</subfield>
    <subfield code="b">&#x41E;&#x41D;&#x41B;</subfield>
    <subfield code="j">&#x410;&#x437;&#x435;&#x440;&#x431;./2-21822</subfield>
  </datafield>
  <datafield tag="942" ind1=" " ind2=" ">
    <subfield code="c">BOOK</subfield>
  </datafield>
  <datafield tag="980" ind1=" " ind2=" ">
    <subfield code="a">NB</subfield>
  </datafield>
  <datafield tag="995" ind1=" " ind2=" ">
    <subfield code="5">2019-12-16</subfield>
    <subfield code="b">NLR01</subfield>
    <subfield code="c">NLR01</subfield>
    <subfield code="e">ONL01</subfield>
    <subfield code="f">1-2421532</subfield>
    <subfield code="k">&#x410;&#x437;&#x435;&#x440;&#x431;./2-21822</subfield>
    <subfield code="o">0</subfield>
    <subfield code="r">BOOK</subfield>
    <subfield code="s">221822_</subfield>
  </datafield>
</record>
